000 01632cam a22003854i 4500
003 PE-LiUPU
005 20250731184052.0
008 150617s r 000 0 d
035 _a(Sirsi) a16379
040 _aPE-LiUPU
_bspa
_cPE-LiUPU
_erda
049 _aPRUA
082 0 4 _a868
_bG13
_221
100 1 _aGalvez, José,
_eautor.
245 1 0 _aEstampas limeñas.
264 1 _aLima :
_bUniversidad Nacional Mayor de San Marcos,
_c1965.
300 _a190 páginas ;
_c24 cm
336 _atext
_2rdacontent
337 _aunmediated
_2rdamedia
338 _avolume
_2rdacarrier
505 0 _aEl alma paradójica de Lima -- La primera rosa -- La navidad limeña -- La tapada -- La comedia -- Aromas -- Las esquinas -- La cometa -- Las amas -- Las santas rositas -- El callejón -- La jasminera -- Un palomilla -- El entierro -- Las tías -- La maroma -- Los gitanos -- El caballo de paso -- El restaurante -- El incendio -- Rondas y ladrones -- La marinera -- Contera y rúbrica.
526 _aP145
526 _aP127
526 _aP97
526 _aP14
526 _aP07
650 0 4 _aLIMA
_xDESCRIPCIONES y viajes.
650 0 4 _aLITERATURA PERUANA.
910 _ajck
_bjvq
_cjck
_d20150616
942 _2ddc
_cBOOK
949 _a868 G13
_wDEWEY
_c1
_i06773
_lCCODEBUL1
_mBUL
_p
_r0
_sY
_tBOOK
_u2015-04-21
_xBIBLIOTECA
_zUNKNOWN
_0COMPRA
_o.STAFF. Colección General
994 _aC0
_bPEPRU
596 _a1
999 _a868 G13
_wDEWEY
_c12652
_i06773
_f2021-11-9
_g5
_lCCODEBUL1
_mBUL
_r0
_sY
_tBOOK
_u2015-4-21
_xEDUCACION
_zUNKNOWN
_0COMPRA
_o.STAFF. Colección General
_d12652
980 _81
_gALBERTO SANCHEZ Responsable de Automatización